STARGAZING - Travis Scott lyrics - Statistics

General Stats
  • This quiz has been taken 73 times
  • The average score is 189 of 416
Answer Stats
Hint Answer % Correct
stargazing
97%
got
95%
Got
95%
me
95%
3x Rolling
87%
the
87%
I
86%
a
81%
going
73%
N*****
71%
crazy
70%
to
63%
like
60%
up
60%
Up
60%
be
59%
in
59%
In
59%
you
59%
feel
57%
Baby
56%
baby
56%
it
56%
my
54%
on
52%
Then
52%
as
51%
If
51%
if
51%
Beat Switch Ok
51%
psychedelics
49%
so
49%
no
48%
out
46%
all
44%
been
44%
for
44%
aint
43%
ain't
43%
time
43%
traumatized
43%
yeah
43%
and
41%
night
41%
We
41%
we
41%
I'm
40%
im
40%
i'm
40%
some
40%
days
38%
she
38%
these
38%
her
37%
life
37%
that
37%
things
37%
this
37%
This
37%
come
35%
it's
35%
Just
35%
lay
35%
of
35%
past
35%
take
35%
they
35%
was
35%
injuries
33%
is
33%
nose
33%
sippin
33%
Sippin
33%
too
33%
when
33%
99
32%
bleed
32%
drown
32%
keep
32%
mosh
32%
save
32%
alive
30%
astronomical
30%
pit
30%
relocate
30%
took
30%
top
30%
enemies
29%
kids
29%
knees
29%
problems
29%
thoughts
29%
will
29%
had
27%
here
27%
hit
27%
new
27%
outside
27%
purp
27%
stage
27%
tryna
27%
at
25%
down
25%
whatever
25%
1000
24%
back
24%
both
24%
came
24%
diabolical
24%
divin'
24%
'em
24%
keys
24%
know
24%
money
24%
responsible
24%
see
24%
sugar
24%
Barre
22%
city
22%
forever
22%
guide
22%
itching
22%
kinds
22%
now
22%
right
22%
shit
22%
tour
22%
Toyota
22%
tried
22%
bring
21%
dogs
21%
Kobe
21%
Moby
21%
storm
21%
tell
21%
throwing
21%
way
21%
booger
19%
heat
19%
into
19%
make
19%
picked
19%
say
19%
tourist
19%
trophy
19%
with
19%
car
17%
packing
17%
plug
17%
that's
17%
amenities
16%
Before
16%
'bout
16%
feeling
16%
getting
16%
hectic
16%
mama
16%
projected
16%
seal
16%
talking
16%
till
16%
beef
14%
calling
14%
downed
14%
girl
14%
I'd
14%
improbable
14%
nosebleeds
14%
sky
14%
ways
14%
week
14%
whole
14%
cut
13%
Ellen
13%
excelling
13%
fate
13%
hell
13%
hot
13%
played
13%
rides
13%
told
13%
but
11%
head
11%
propelling
11%
bounce
10%
kill
10%
nowhere
10%
are
8%
interjected
8%
spirit
8%
femaling
6%
gold
6%
intelling
6%
notes
6%
propane
6%
D's
5%
he's
5%
we'll
5%
repellent
3%
astroword
2%
jelous
2%
leagues
2%
may
2%
No matching quizzes found
Score Distribution
Percent of People with Each Score
Percentile by Number Answered
Your Score History
You have not taken this quiz